Farhang e Aamira : Urdu zabaan main mustaamil Arbi Farsi Aur Turki alfaaz (Record no. 7563)

000 -LEADER
fixed length control field 00442 a2200133 4500
040 ## - CATALOGING SOURCE
Original cataloging agency DLC
082 ## - DEWEY DECIMAL CLASSIFICATION NUMBER
Classification number 491.43903
100 ## - MAIN ENTRY--PERSONAL NAME
Personal name Khan, Muhammad Abdullah, Khuwaishgi.
245 ## - TITLE STATEMENT
Title Farhang e Aamira : Urdu zabaan main mustaamil Arbi Farsi Aur Turki alfaaz
Statement of responsibility, etc. Muhammad Abdullah Khan Khuwaishgi.
260 ## - PUBLICATION, DISTRIBUTION, ETC.
Place of publication, distribution, etc. Islamabad :
Name of publisher, distributor, etc. Muqtedara Qomi Zuban,
Date of publication, distribution, etc. 1989.
300 ## - PHYSICAL DESCRIPTION
Extent 537 p. ;
Dimensions 24 cm.
650 ## - SUBJECT ADDED ENTRY--TOPICAL TERM
Topical term or geographic name entry element Urdu Dictionary.
942 ## - ADDED ENTRY ELEMENTS (KOHA)
Koha item type Book
Call number prefix 491.43903 KHA
Source of classification or shelving scheme
Holdings
Withdrawn status Lost status Damaged status Not for loan Collection code Permanent Location Current Location Shelving location Date acquired Source of acquisition Cost, normal purchase price Total Checkouts Full call number Barcode Date last seen Price effective from Koha item type
          Central Library (CL) Central Library (CL) General Stacks 08/23/2002 National Language Authority 120.00   491.43903 KHA SEECS002299 11/14/2012 01/05/2017 Book
© 2023 Central Library, National University of Sciences and Technology. All Rights Reserved.